| 000 | 00813nam a22002537a 4500 | ||
|---|---|---|---|
| 999 |
_c128134 _d128134 |
||
| 003 | dpl | ||
| 005 | 20190125140041.0 | ||
| 008 | 190125b ||||| |||| 00| 0 eng d | ||
| 010 | _aB-021749 | ||
| 020 |
_c00.00 _a8122202136 |
||
| 035 | _aB-021749, B-021776 | ||
| 037 | _bCen Lib/Ret | ||
| 040 |
_aDPL _bEN _c0 |
||
| 082 |
_a615.7176 _bSNO |
||
| 100 |
_aSnowdon, Les _922490 |
||
| 245 |
_aThe walking diet : _cby Les Snowdon [and] Maggie Humphreys _bwalk back to fitness in 30 days / |
||
| 260 |
_aNew Delhi _bIrient Paper Backs _c1999 |
||
| 270 |
_aMadarsa Road Kashmere Gate _bNew Delhi _e110006 |
||
| 300 |
_a184p. : _c21cm(Hb) _bill. |
||
| 650 |
_aFitness walking _922491 |
||
| 650 |
_aReducing diets _974514 |
||
| 700 |
_aHumphreys, Maggie _974515 |
||
| 942 |
_2ddc _cEN _h615.7176 _mSNO |
||